[Event "WLS-chB 68th"]
[Site "Cardiff"]
[Date "2024.03.31"]
[Round "5"]
[White "Blackmore, Simon"]
[Black "Jones, Steve"]
[Result "0-1"]
[WhiteElo "1749"]
[BlackElo "1791"]
[PlyCount "50"]
[EventDate "2024.03.29"]
[EventType "swiss"]
[EventRounds "7"]
[EventCountry "WLS"]
[SourceTitle "CB14_2024"]
[SourceDate "2024.04.01"]
[SourceVersion "1"]
[SourceVersionDate "2024.04.01"]
[SourceQuality "1"]

1. e4 c5 2. Nf3 d6 3. d4 cxd4 4. c3 a6 5. Nxd4 Nf6 6. Nd2 g6 7. Bc4 b5 8. Bb3 Bb7 9. Qe2 Qb6 10. 0-0 Bg7 11. Re1 0-0 12. Bc2 Nbd7 13. N2f3 Rac8 14. Be3 Qc7 15. Bg5 b4 16. e5 dxe5 17. Nxe5 Nxe5 18. Qxe5 Qxe5 19. Rxe5 Nd5 20. Ree1 Bxd4 21. Bxe7 Rfe8 22. Ba4 Rxe7 23. cxd4 Rec7 24. Bb3 Nf4 25. f3 Nd3 0-1

[Event "Cardiff Welsh op"]
[Site "Cardiff"]
[Date "2023.04.10"]
[Round "7"]
[White "Blackmore, Simon"]
[Black "Hollyman, Mike"]
[Result "1-0"]
[WhiteElo "1599"]
[BlackElo "1418"]
[PlyCount "23"]
[EventDate "2023.04.07"]
[EventType "swiss"]
[EventRounds "7"]
[EventCountry "WLS"]
[SourceTitle "EXT 2024"]
[Source "ChessBase"]
[SourceDate "2023.10.10"]
[SourceVersion "1"]
[SourceVersionDate "2023.10.10"]
[SourceQuality "1"]

1. e4 c6 2. Nf3 d5 3. exd5 cxd5 4. d4 Bg4 5. c3 e6 6. Qa4+ Nd7 7. Ne5 Ngf6 8. Bb5 Bf5 9. Bg5 Be7 10. Bxf6 a6 11. Bxd7+ Kf8 12. Bxe7+ 1-0

[Event "South Wales New Year Major"]
[Site "Bridgend"]
[Date "2020.01.05"]
[Round "5"]
[White "Blackmore, Simon"]
[Black "Havard, Gwyn"]
[Result "0-1"]
[WhiteElo "1620"]
[BlackElo "1622"]
[PlyCount "68"]
[EventDate "2020.01.03"]
[EventType "swiss"]
[EventRounds "5"]
[EventCountry "WLS"]
[SourceTitle "EXT 2022"]
[Source "ChessBase"]
[SourceDate "2021.10.06"]
[SourceVersion "1"]
[SourceVersionDate "2021.10.06"]
[SourceQuality "1"]

1. d4 Nf6 2. Nf3 e6 3. Bg5 c5 4. e3 Qa5+ 5. c3 Ne4 6. Bh4 g5 7. Nxg5 Nxg5 8. Bxg5 Bg7 9. Bf4 cxd4 10. exd4 Nc6 11. Nd2 d5 12. Bd3 Bd7 13. Nb3 Qb6 14. Qg4 Bf6 15. Qf3 Be7 16. 0-0 0-0-0 17. Rfe1 h5 18. c4 dxc4 19. Bxc4 Nb4 20. Rec1 Bc6 21. a3 Nd5 22. Be5 f6 23. Bxd5 Rxd5 24. Bf4 Rf5 25. Qe3 Rxf4 26. Qxe6+ Kd8 27. Nc5 Rxd4 28. Rc3 Rd6 29. Qf7 Bd5 30. Qg6 Rg8 31. Qf5 Rxg2+ 32. Kf1 Qb5+ 33. Ke1 Rg1+ 34. Kd2 Be4+ 0-1

[Event "South Wales op 16th"]
[Site "Cardiff"]
[Date "2019.07.11"]
[Round "7"]
[White "Chung, Ethan Cheung Jing"]
[Black "Blackmore, Simon"]
[Result "1/2-1/2"]
[WhiteElo "1572"]
[BlackElo "1682"]
[PlyCount "107"]
[EventDate "2019.07.07"]
[EventType "swiss"]
[EventRounds "9"]
[EventCountry "WLS"]
[SourceTitle "CBM 191 Extra"]
[Source "ChessBase"]
[SourceDate "2019.09.30"]
[SourceVersion "1"]
[SourceVersionDate "2019.09.30"]
[SourceQuality "1"]

1. Nf3 Nf6 2. g3 c6 3. Bg2 d5 4. d3 Bg4 5. 0-0 Nbd7 6. c4 dxc4 7. dxc4 Bxf3 8. exf3 e6 9. Nc3 Ne5 10. Qe2 Qc7 11. Bf4 Bd6 12. c5 Nxf3+ 13. Qxf3 Bxf4 14. gxf4 0-0-0 15. Rad1 Nd5 16. Nxd5 cxd5 17. b4 h6 18. b5 g5 19. Rc1 Qa5 20. b6 axb6 21. cxb6+ Kb8 22. Qe3 Rd6 23. Qe5 Rhd8 24. Rc2 gxf4 25. Rfc1 Qxb6 26. Qxf4 Ka7 27. Qxf7 e5 28. Rc3 Rf6 29. Qc7 Qxf2+ 30. Kh1 Rg8 31. Qc5+ Qxc5 32. Rxc5 e4 33. Rxd5 Rf2 34. Bxe4 Rxa2 35. Rd7 Rb2 36. Ra1+ Kb8 37. Rad1 Kc8 38. Bf5 Kb8 39. R7d2 Rxd2 40. Rxd2 Kc7 41. Rd7+ Kc6 42. Rh7 Kd6 43. Rxh6+ Ke7 44. Rb6 Rb8 45. Kg2 Kf7 46. Kg3 Rg8+ 47. Kf4 Rb8 48. h4 Kg7 49. h5 Kh8 50. h6 Kg8 51. h7+ Kh8 52. Kg5 Rf8 53. Rxb7 Rxf5+ 54. Kxf5 1/2-1/2

[Event "South Wales op 16th"]
[Site "Cardiff"]
[Date "2019.07.09"]
[Round "4"]
[White "Blackmore, Simon"]
[Black "Jaberansari, Daniel"]
[Result "1-0"]
[WhiteElo "1682"]
[BlackElo "1383"]
[PlyCount "79"]
[EventDate "2019.07.07"]
[EventType "swiss"]
[EventRounds "9"]
[EventCountry "WLS"]
[SourceTitle "CBM 191 Extra"]
[Source "ChessBase"]
[SourceDate "2019.09.30"]
[SourceVersion "1"]
[SourceVersionDate "2019.09.30"]
[SourceQuality "1"]

1. e4 e6 2. Nf3 d5 3. exd5 exd5 4. b3 Nf6 5. Bb2 g6 6. Qe2+ Be6 7. Ng5 Qe7 8. Nxe6 fxe6 9. Nc3 Bg7 10. Nb5 c6 11. Ba3 c5 12. d4 Na6 13. dxc5 Nxc5 14. Bxc5 Qxc5 15. Qxe6+ Kf8 16. 0-0-0 Ne4 17. Rxd5 Bh6+ 18. Kb1 Re8 19. Qxe4 Qxf2 20. Qf3+ Qxf3 21. gxf3 Re1+ 22. Kb2 Bg7+ 23. Ka3 Ke7 24. Rd2 a6 25. Nc7 Rc8 26. Bh3 Rxh1 27. Bxc8 Bh6 28. Rd7+ Kf6 29. Ne8+ Ke5 30. Re7+ Kd4 31. Re4+ Kc3 32. Rc4+ Kd2 33. Rd4+ Kc3 34. Rd3+ Kxc2 35. Rd7 Bc1+ 36. Ka4 Rxh2 37. Bxb7 Rh4+ 38. Be4+ Kc3 39. Rc7+ Kb2 40. Rc2+ 1-0

[Event "South Wales op 16th"]
[Site "Cardiff"]
[Date "2019.07.08"]
[Round "3"]
[White "Robertson, Jim"]
[Black "Blackmore, Simon"]
[Result "1/2-1/2"]
[WhiteElo "1580"]
[BlackElo "1682"]
[PlyCount "99"]
[EventDate "2019.07.07"]
[EventType "swiss"]
[EventRounds "9"]
[EventCountry "WLS"]
[SourceTitle "CBM 191 Extra"]
[Source "ChessBase"]
[SourceDate "2019.09.30"]
[SourceVersion "1"]
[SourceVersionDate "2019.09.30"]
[SourceQuality "1"]

1. d4 d5 2. e3 Nf6 3. Bd3 Nc6 4. c3 e5 5. dxe5 Nxe5 6. Be2 Bf5 7. Nf3 Bd6 8. Nxe5 Bxe5 9. Nd2 c6 10. Nf3 Bd6 11. 0-0 h6 12. b3 Qc7 13. Kh1 Be4 14. Bd3 g5 15. Bxe4 Nxe4 16. g3 f5 17. Nd4 Qf7 18. Bb2 f4 19. c4 Rh7 20. cxd5 fxe3 21. Qe2 Nxf2+ 22. Kg2 Qxd5+ 23. Qf3 0-0-0 24. Qxd5 cxd5 25. Nf5 Bc5 26. Rac1 Nd3 27. Rc2 Nxb2 28. Rxc5+ Kb8 29. Nxe3 d4 30. Nd1 Nxd1 31. Rxd1 Re7 32. Rd2 d3 33. Rf5 Re2+ 34. Rxe2 dxe2 35. Kf2 Rd2 36. Rf8+ Kc7 37. Rf7+ Kc6 38. a4 e1Q+ 39. Kxe1 Rxh2 40. Rf6+ Kc5 41. Rf5+ Kb6 42. Rf6+ Ka5 43. Rf5+ Ka6 44. Kf1 g4 45. b4 b6 46. Rf7 b5 47. a5 h5 48. Rf6+ Kb7 49. a6+ Kc7 50. Rf7+ 1/2-1/2

[Event "WLS-ch Major 65th"]
[Site "Cardiff"]
[Date "2019.04.21"]
[Round "5"]
[White "Blackmore, Simon"]
[Black "Sipho, Donovan"]
[Result "0-1"]
[WhiteElo "1738"]
[BlackElo "1486"]
[PlyCount "110"]
[EventDate "2019.04.19"]
[EventType "swiss"]
[EventRounds "7"]
[EventCountry "WLS"]
[SourceTitle "CBM 190 Extra"]
[Source "ChessBase"]
[SourceDate "2019.07.15"]
[SourceVersion "1"]
[SourceVersionDate "2019.07.15"]
[SourceQuality "1"]

1. e4 c5 2. Nf3 Nc6 3. c3 e5 4. d4 exd4 5. cxd4 Nxd4 6. Nxd4 cxd4 7. Qxd4 Ne7 8. Bf4 Nc6 9. Qd2 Bb4 10. Nc3 Qf6 11. Rc1 0-0 12. a3 Ba5 13. b4 Bd8 14. Bb5 Qd4 15. Rc2 a6 16. Bd3 Ne5 17. Be2 Qxd2+ 18. Rxd2 Ng6 19. Bg3 Bf6 20. Nd5 Bd8 21. 0-0 Re8 22. f3 b5 23. Bc7 Bb7 24. Bxd8 Bxd5 25. Rxd5 Rexd8 26. g3 Kf8 27. Rfd1 Ke7 28. f4 d6 29. Bf3 Rac8 30. R1d3 f6 31. h4 Nf8 32. e5 dxe5 33. Rxd8 Rxd8 34. Rxd8 Kxd8 35. fxe5 fxe5 36. Bb7 Kc7 37. Bxa6 Kc6 38. Kf2 Ne6 39. Bc8 Nd4 40. Ke3 Nc2+ 41. Ke4 Kd6 42. Kd3 Nxa3 43. Ba6 Kd5 44. Bb7+ Kd6 45. Ba6 Kc6 46. Bc8 Nc4 47. Bf5 h6 48. Be4+ Kd6 49. Bb7 Ke6 50. Ba6 Nd6 51. Ke3 Kf5 52. Kf3 e4+ 53. Kf2 h5 54. Ke3 Ke5 55. Ke2 Kd4 0-1

[Event "South Wales New Year Major"]
[Site "Bridgend"]
[Date "2018.01.05"]
[Round "1"]
[White "Blackmore, Simon"]
[Black "Di Vetta, Andrew"]
[Result "0-1"]
[WhiteElo "1642"]
[BlackElo "1791"]
[PlyCount "56"]
[EventDate "2018.01.05"]
[EventType "swiss"]
[EventRounds "5"]
[EventCountry "WLS"]
[SourceTitle "EXT 2020"]
[Source "ChessBase"]
[SourceDate "2019.10.17"]
[SourceVersion "1"]
[SourceVersionDate "2019.10.17"]
[SourceQuality "1"]

1. e4 c5 2. Nf3 d6 3. c3 g6 4. d4 cxd4 5. cxd4 Bg7 6. Nc3 a6 7. Bc4 e6 8. 0-0 b5 9. Bb3 Bb7 10. a3 Ne7 11. Bf4 d5 12. e5 Nbc6 13. Rc1 Rc8 14. Qd2 h6 15. Rc2 g5 16. Bg3 Nf5 17. Ne2 g4 18. Ne1 Qa5 19. Qf4 Nce7 20. Qxg4 h5 21. Rxc8+ Bxc8 22. Qf3 b4 23. Nc2 bxa3 24. bxa3 Ng6 25. Rc1 Bd7 26. Qc3 Qxc3 27. Nxc3 h4 28. Nb4 Nxd4 0-1

[Event "South Wales Autumn op"]
[Site "Pencoed"]
[Date "2015.10.10"]
[Round "3"]
[White "Blackmore, Simon"]
[Black "Thomas, Roy"]
[Result "1-0"]
[WhiteElo "1747"]
[BlackElo "1730"]
[PlyCount "97"]
[EventDate "2015.10.09"]
[EventType "swiss"]
[EventRounds "5"]
[EventCountry "WLS"]
[SourceTitle "EXT 2018"]
[Source "ChessBase"]
[SourceDate "2017.10.13"]
[SourceVersion "1"]
[SourceVersionDate "2017.10.13"]
[SourceQuality "1"]

1. e4 c5 2. Nf3 d6 3. c3 g6 4. d4 cxd4 5. cxd4 Bg7 6. Nc3 Nf6 7. Bg5 0-0 8. Rc1 Bg4 9. Be2 Nbd7 10. 0-0 h6 11. Be3 Nb6 12. Qd2 Kh7 13. Rfd1 Rc8 14. h3 Bd7 15. e5 Ne8 16. Bd3 Be6 17. Rc2 Nc4 18. Bxc4 Bxc4 19. b3 Be6 20. Ne4 f5 21. Neg5+ hxg5 22. Nxg5+ Kg8 23. Nxe6 Rxc2 24. Qxc2 Qd7 25. Nxf8 Kxf8 26. f4 Nc7 27. Rc1 Nd5 28. Qc8+ Qxc8 29. Rxc8+ Kf7 30. Bd2 dxe5 31. dxe5 Bh6 32. g3 Ke6 33. Rb8 Nb6 34. Rxb7 Nd7 35. Rxa7 Nxe5 36. Ra6+ Kf7 37. fxe5 Bxd2 38. Kg2 Bc3 39. e6+ Kf6 40. Kf3 Be5 41. h4 Bd6 42. a4 Kxe6 43. a5 Kd5 44. Ra8 e5 45. Rg8 e4+ 46. Kg2 e3 47. Rd8 Kc6 48. Rxd6+ Kxd6 49. Kf3 1-0